[Event "Bodensee op"]
[Site "Bregenz"]
[Date "2024.05.04"]
[Round "1"]
[White "Federer, Colin"]
[Black "Stark, John"]
[Result "0-1"]
[WhiteElo "2088"]
[BlackElo "1954"]
[PlyCount "147"]
[EventDate "2024.05.04"]
[EventType "swiss"]
[EventRounds "9"]
[EventCountry "AUT"]
[SourceTitle "CBM 220 Extra"]
[Source "ChessBase"]
[SourceDate "2024.07.31"]
[SourceVersion "1"]
[SourceVersionDate "2024.07.31"]
[SourceQuality "1"]

1. e4 c6 2. Nc3 d5 3. Nf3 dxe4 4. Nxe4 Nf6 5. Qe2 Nxe4 6. Qxe4 Qa5 7. b4 Qd5 8. Qh4 Bf5 9. Bc4 Qd6 10. d3 e6 11. Bd2 Be7 12. Qg3 Nd7 13. Rb1 Qxg3 14. hxg3 h6 15. Bc3 Bf6 16. Bxf6 Nxf6 17. a4 Ke7 18. a5 a6 19. Rc1 Rhd8 20. d4 Be4 21. c3 Rd6 22. Ke2 Rad8 23. Rhe1 Bxf3+ 24. gxf3 Nd5 25. f4 Kf6 26. Rh1 R6d7 27. Kd2 Nc7 28. Rce1 Rh8 29. Re5 g6 30. g4 Kg7 31. Rh3 Nd5 32. Rf3 Nf6 33. Rg3 h5 34. f3 hxg4 35. fxg4 Rh2+ 36. Kd3 Rh4 37. Rg5 Nh7 38. Rc5 Nf6 39. f5 exf5 40. gxf5 Ne4 41. f6+ Kh6 42. Re3 Nxf6 43. Ree5 Rh2 44. Rg5 Nh5 45. Rg1 f6 46. Bb3 Re7 47. Rg4 Rh3+ 48. Kd2 f5 49. Rg1 Rh2+ 50. Kd1 Re3 51. d5 cxd5 52. Bxd5 Rd3+ 53. Kc1 Nf4 54. Rh1 Rxh1+ 55. Bxh1 Rh3 56. Bxb7 Nd3+ 57. Kd2 Nxc5 58. bxc5 Kg5 59. c6 Rh7 60. Ke3 f4+ 61. Ke4 f3 62. Kd5 f2 63. Bxa6 Ra7 64. Be2 Rxa5+ 65. Kd6 Ra2 66. Bf1 Ra1 67. Bg2 Rg1 68. Bh3 Rh1 69. Bg2 Rg1 70. Bh3 Rg3 71. Bf1 Rxc3 72. c7 Kf4 73. Bg2 Kg3 74. Bc6 0-1

[Event "Biel op-B 56th"]
[Site "Biel"]
[Date "2023.07.18"]
[Round "2"]
[White "Oestmann, Lukas"]
[Black "Federer, Colin"]
[Result "1-0"]
[WhiteElo "1760"]
[BlackElo "1866"]
[PlyCount "73"]
[EventDate "2023.07.17"]
[EventType "swiss"]
[EventRounds "9"]
[EventCountry "SUI"]
[SourceTitle "EXT 2024"]
[Source "ChessBase"]
[SourceDate "2023.10.10"]
[SourceVersion "1"]
[SourceVersionDate "2023.10.10"]
[SourceQuality "1"]

1. e4 c5 2. Nf3 d6 3. d4 cxd4 4. Nxd4 Nf6 5. Nc3 a6 6. f4 g6 7. Nf3 Nbd7 8. e5 dxe5 9. fxe5 Ng4 10. e6 fxe6 11. Ng5 Ngf6 12. Bc4 Qb6 13. Qe2 Nc5 14. 0-0 Bh6 15. Kh1 Bxg5 16. Bxg5 0-0 17. Rab1 Qc6 18. a4 Bd7 19. b4 Nce4 20. Nxe4 Qxe4 21. Rxf6 Qxe2 22. Rxf8+ Rxf8 23. Bxe2 Bxa4 24. Bd3 Rc8 25. Ra1 Bc6 26. Bxe7 Bd5 27. h3 Re8 28. Bg5 e5 29. Ra5 Bc6 30. Be3 Kg7 31. Rc5 Kf6 32. Kg1 Ke6 33. Bxa6 Kd6 34. Bd3 Ra8 35. Ra5 Re8 36. c4 Bd7 37. Be4 1-0

[Event "Biel op-B 56th"]
[Site "Biel"]
[Date "2023.07.17"]
[Round "1"]
[White "Federer, Colin"]
[Black "Sai Mahati, Alapati"]
[Result "0-1"]
[WhiteElo "1866"]
[BlackElo "1669"]
[PlyCount "78"]
[EventDate "2023.07.17"]
[EventType "swiss"]
[EventRounds "9"]
[EventCountry "SUI"]
[SourceTitle "EXT 2024"]
[Source "ChessBase"]
[SourceDate "2023.10.10"]
[SourceVersion "1"]
[SourceVersionDate "2023.10.10"]
[SourceQuality "1"]

1. e4 c5 2. Nf3 e6 3. d4 cxd4 4. Nxd4 Nc6 5. Nc3 Qc7 6. Be3 a6 7. f3 Be7 8. Qd2 b5 9. 0-0-0 Nf6 10. g4 0-0 11. g5 Nh5 12. f4 Nxd4 13. Qxd4 Nxf4 14. e5 Ng6 15. Bg2 Bb7 16. Bxb7 Qxb7 17. h4 Rfc8 18. Qxd7 Rc7 19. Qd2 Nxe5 20. Bf4 Rd7 21. Qe2 Ng6 22. Bg3 Rad8 23. Qg4 b4 24. Ne4 Rd4 25. Rde1 Qd5 26. Kb1 Qf5 27. Qe2 Rxe4 28. Qxe4 Rd1+ 29. Rxd1 Qxe4 30. h5 Nf8 31. h6 Bxg5 32. hxg7 Kxg7 33. Rhe1 Qg4 34. Rg1 f6 35. Be5 Qf5 36. Bd4 e5 37. Bc5 a5 38. Rdf1 Qc8 39. Be7 Ng6 0-1

[Event "Schaffhausen op"]
[Site "Schaffhausen"]
[Date "2023.01.03"]
[Round "3"]
[White "Doenitz, Christian"]
[Black "Federer, Colin"]
[Result "1/2-1/2"]
[WhiteElo "2027"]
[BlackElo "1773"]
[PlyCount "95"]
[EventDate "2023.01.02"]
[EventType "swiss"]
[EventRounds "5"]
[EventCountry "SUI"]
[SourceTitle "CBM 212 Extra"]
[Source "ChessBase"]
[SourceDate "2023.03.31"]
[SourceVersion "1"]
[SourceVersionDate "2023.03.31"]
[SourceQuality "1"]

1. e4 c5 2. Nc3 d6 3. d4 cxd4 4. Qxd4 Nc6 5. Qd2 g6 6. b3 Bg7 7. Bb2 Nf6 8. f3 Bd7 9. 0-0-0 a5 10. Bb5 0-0 11. Kb1 Ne5 12. a4 Qb6 13. Nge2 Rac8 14. Bxd7 Nexd7 15. Nb5 Nc5 16. Nec3 Qc6 17. Nd5 Nxd5 18. exd5 Qd7 19. Bxg7 Kxg7 20. h4 h5 21. Qd4+ f6 22. g4 Rh8 23. Rde1 Kf7 24. Re3 Rce8 25. Kb2 Rh7 26. Qf4 Rc8 27. g5 f5 28. Rhe1 Kf8 29. Nd4 Qc7 30. c4 Qb6 31. Ne6+ Nxe6 32. Rxe6 Rg7 33. Ka2 Qb4 34. Qd4 Re8 35. R1e2 b6 36. R6e3 Qc5 37. Qf6+ Kg8 38. Qe6+ Kf8 39. Qf6+ Kg8 40. Qe6+ Kf8 41. Qd7 Qc8 42. Qxc8 Rxc8 43. Kb2 Rc7 44. Kc3 Kf7 45. Rb2 Rg8 46. Kd4 Rb8 47. b4 Ra7 48. b5 1/2-1/2